Delictual Liability in Motor Law / (Record no. 721)

MARC details
000 -LEADER
fixed length control field 00538nam a22001817a 4500
005 - DATE AND TIME OF INPUT
control field 20231116101214.0
008 - DATA ELEMENTS--GENERAL INFORMATION
fixed length control field 231116b |||||||| |||| 00| 0 eng d
020 ## - INTERNATIONAL STANDARD BOOK NUMBER
International Standard Book Number 0702136476
041 ## - LANGUAGE CODE
Language code of text English
082 ## - SHELF NUMBER
DDC number 343.9 COO
100 ## - MAIN AUTHOR
Main author's name Cooper, WE
Language of a work English
245 ## - TITLE STATEMENT
Title Delictual Liability in Motor Law /
Statement of responsibility, etc. WE Cooper
250 ## - EDITION STATEMENT
Edition statement Revised Edition
260 ## - PUBLICATION, DISTRIBUTION, ETC.
Place of publication, distribution, etc. Cape Town :
Name of publisher, distributor, etc. Juta and Company Ltd,
Date of publication, distribution, etc. 1996
300 ## - PHYSICAL DESCRIPTION
Other physical details lx, 519 pages ;
Dimensions 26 cm.
650 ## - SUBJECT`
Broad subject Legal practice
Own subject terms Law
942 ## - ADDED ENTRY ELEMENTS (KOHA)
Item type Books
942 ## - ADDED ENTRY ELEMENTS (KOHA)
-- ALISON_BN_VRIES
Holdings
Source of classification or shelving scheme Not for loan Collection code Home library Current library Shelving location Date acquired Full call number Barcode Price effective from Koha item type
Dewey Decimal Classification   TEXT BOOKS LAW SOCIETY OF NAMIBIA LIBRARY - WINDHOEK LAW SOCIETY OF NAMIBIA LIBRARY - WINDHOEK Motor law 11/16/2023 343.9 COO LSN/1997/24 11/16/2023 Books